000 00464nam a2200181Ia 4500
001 1068
005 20260306140604.0
008 260306t2004||||xx |||||||||||||| ||spa||
041 _aESP
082 _a180
_bR31 T. 2 2004
100 _aReale, Giovanni
_eAUT
245 0 _aHistoria del pensamiento filosófico y científico:
_bDel Huanismo a Kant
260 _c2004
300 _apágs. :
_c24 cm.
650 _aGEN
654 _aCHU
942 _cLIB
_dJUS
_fJUS
_2ddc
_n
999 _c1068
_d1068